Nhập môn Plato

Sách nằm trong bộ sách "Nhập môn" nhằm giới thiệu đến đông đảo người đọc chân dung và hành trình tư tưởng của nhiều khuôn mặt lớn trong lịch sử nhân loại, từ Đức Phật, Platon, Aristote đến Kant... thông qua hình thức truyện tranh si...

Fuld beskrivelse

Đã lưu trong:
Bibliografiske detaljer
Hovedforfatter: Robinson, Dave
Format: Bog
Sprog:Undetermined
Udgivet: Thành phố Hồ Chí Minh Trẻ 2006
Fag:
Tags: Tilføj Tag
Ingen Tags, Vær først til at tagge denne postø!
Thư viện lưu trữ: Trung tâm Học liệu Trường Đại học Cần Thơ
LEADER 00982nam a2200205Ia 4500
001 CTU_132857
008 210402s9999 xx 000 0 und d
020 |c 27000 
082 |a 184 
082 |b R659 
100 |a Robinson, Dave 
245 0 |a Nhập môn Plato 
245 0 |c Dave Robinson, Judy Groves ; Trần Tiễn Cao Đăng dịch ; Bùi Văn Nam Sơn hiệu đính 
260 |a Thành phố Hồ Chí Minh 
260 |b Trẻ 
260 |c 2006 
520 |a Sách nằm trong bộ sách "Nhập môn" nhằm giới thiệu đến đông đảo người đọc chân dung và hành trình tư tưởng của nhiều khuôn mặt lớn trong lịch sử nhân loại, từ Đức Phật, Platon, Aristote đến Kant... thông qua hình thức truyện tranh sinh động. 
650 |a Plato,Triết học Plato 
904 |i Giang 
980 |a Trung tâm Học liệu Trường Đại học Cần Thơ